000 00472nam a2200181Ia 4500
001 25150
005 20260414151130.0
008 260414t2016||||xx |||||||||||||| ||spa||
041 _aESP
082 _a343.2J
_bT81 T. 6
100 _aTribunal Constitucional del Perú
_eAUT
245 0 _aJurisprudencia relevante del Tribunal Constitucional
_b
260 _c2016
300 _a1184 páginas :
_c25 cm.
650 _aDER
654 _aCDE
942 _cLIB
_dJUS
_fJUS
_2ddc
_n
999 _c25150
_d25150